| 000 | 02303nta a2200337 a 4500 | ||
|---|---|---|---|
| 001 | 000003877 | ||
| 003 | DO-SdBNP | ||
| 005 | 20250910095038.0 | ||
| 008 | 090714s1975 dr a r 001 0 spa d | ||
| 040 |
_aDO-SdBNP _bspa _cBNPHU |
||
| 082 |
_a305.42 _bC568e |
||
| 111 | 2 |
_aCiclo de charlas con motivo del Año Internacional de la Mujer ( _d1975 : _cSanto Domingo) _911702 |
|
| 245 | 1 | 4 | _aUna evaluación de la situación de la mujer dominicana. |
| 260 |
_aSanto Domingo : _bBNPHU, _c1975. |
||
| 300 |
_a184 h. con numeración repetida : _bil. ; _c28 cm. |
||
| 500 | _a"Programa de las Naciones Unidas para el Desarrollo, reproducción de los trabajos presentados en el ciclo de charlas celebrado en cooperación con la Biblioteca Nacional con motivo del Año Internacional de la Mujer, 18-22 de agosto de 1975."-- Portada. | ||
| 500 | _aTextos mecanografiados. | ||
| 500 | _aIncluye tabla de contenido. | ||
| 500 | _aIncluye datos biográficos de las conferencistas. | ||
| 504 | _aBibliografía : p. 15 y 27 | ||
| 505 | 0 | _aIntegración de la mujer dominicana en los procesos sociales / Ana Silvia Reynoso de Abud -- Aspectos jurídico-político de la mujer dominicana / Margarita Tavares -- La mujer y su participación en el proceso cultural / Jeannette Miller -- La mujer y los medios de comunicación / Norma Santana -- La mujer en el aspecto educactivo -- La mujer y la educación ambiental en República Dominicana / Ivelisse Prats-Ramírez de Perez -- Educación pública / Zoraida Heredia Vda. Suncar / Educación privada / Jacqueline Malagón de Jesús -- La mujer en el proceso productivo -- La mujer en el aspecto laboral / Isis Duarte -- La mujer rural / Amparo Vittini -- Visión y evaluación objetiva de los eventos de México / Marta Olga García. | |
| 650 | 4 |
_aMujeres _xCondiciones sociales _vCongresos, conferencias, etc. _911703 |
|
| 650 | 4 |
_aMujeres _xCuestiones sociales y morales _911704 |
|
| 650 | 4 |
_aMujeres en los medios de comunicación de masas _911705 |
|
| 650 | 4 |
_aMujeres _xSituación legal _911706 |
|
| 650 | 4 |
_aAño internacional de la mujer, 1975 _911707 |
|
| 710 | 2 |
_aPrograma de las Naciones Unidas para el Desarrollo _9187 |
|
| 710 | 2 |
_aBiblioteca Nacional (República Dominicana) _911708 |
|
| 910 | _aValidado. Control de calidad. MFF | ||
| 942 |
_2ddc _cLBS1 |
||
| 999 |
_c3699 _d3699 |
||